000 01004nam a22003017a 4500
001 BR7900801
003 BR-BrBNA
005 20230928085928.0
007 ta
008 230509b bl.||||| |||| 00| 0 por d
040 _aBR-BrBNA
_bpor
_cBiblioteca Nacional de Agricultura
041 _a(Por)
072 _aH50
_b2110
090 _ 2110 BR7900801
100 1 _aLeite, R.M. de O.
110 1 _aUniversidade Federal da Bahia, Salvador (Brasil). Inst. de Biologia
_0Tese (Magister Scientiae)
_910734
245 1 _aEfeito da acao do vento e da radiacao solar na ruptura do pulvinulo foliar do cacaueiro (Theobroma cacao L.)
260 3 _aIlheus, BA (Brasil):
_bComissao Executiva do Plano da Lavoura Cacaueira,
_c1978.
300 _a52 p.
500 _a(*) Documento disponível no(a) CEPLAC, Ilheus, BA (Brazil)
650 _aDisturbio vegetal
650 _aCacau
650 _aVento
650 _aRadiacao solar
650 _aFolha
909 _a202309
_bLucia
_c55
_dLucia Elande
942 _cBK
999 _c27045
_d27045